| 000 -LEADER |
| fixed length control field |
02310cam a22003974a 4500 |
| 001 - CONTROL NUMBER |
| control field |
14387493 |
| 005 - DATE AND TIME OF LATEST TRANSACTION |
| control field |
20180827062549.0 |
| 008 - FIXED-LENGTH DATA ELEMENTS--GENERAL INFORMATION |
| fixed length control field |
060523s2007 paua b 001 0 eng |
| 010 ## - LIBRARY OF CONGRESS CONTROL NUMBER |
| LC control number |
2006047515 |
| 016 7# - NATIONAL BIBLIOGRAPHIC AGENCY CONTROL NUMBER |
| Record control number |
101311282 |
| Source |
DNLM |
| 020 ## - INTERNATIONAL STANDARD BOOK NUMBER |
| International Standard Book Number |
1416029737 |
| 020 ## - INTERNATIONAL STANDARD BOOK NUMBER |
| International Standard Book Number |
9781416029731 |
| 020 ## - INTERNATIONAL STANDARD BOOK NUMBER |
| International Standard Book Number |
9780808923664 (International ed.) |
| 020 ## - INTERNATIONAL STANDARD BOOK NUMBER |
| International Standard Book Number |
0808923668 (International ed.) |
| 035 ## - SYSTEM CONTROL NUMBER |
| System control number |
(OCoLC)ocm69672074 |
| 035 ## - SYSTEM CONTROL NUMBER |
| System control number |
(OCoLC)69672074 |
| 040 ## - CATALOGING SOURCE |
| Original cataloging agency |
ASAB |
| Transcribing agency |
ASAB |
| Modifying agency |
ASAB |
| -- |
ASAB |
| -- |
ASAB |
| -- |
ASAB |
| -- |
ASAB |
| -- |
ASAB |
| -- |
ASAB |
| 042 ## - AUTHENTICATION CODE |
| Authentication code |
pcc |
| 050 00 - LIBRARY OF CONGRESS CALL NUMBER |
| Classification number |
RB111 |
| Item number |
.K895 2007 |
| 060 00 - NATIONAL LIBRARY OF MEDICINE CALL NUMBER |
| Classification number |
2007 H-162 |
| 060 10 - NATIONAL LIBRARY OF MEDICINE CALL NUMBER |
| Classification number |
QZ 4 |
| Item number |
R6355 2007 |
| 082 00 - DEWEY DECIMAL CLASSIFICATION NUMBER |
| Classification number |
616.07 |
| Edition number |
22 |
| 245 00 - TITLE STATEMENT |
| Title |
Robbins basic pathology / |
| Statement of responsibility, etc. |
[edited by] Vinay Kumar ... [et al.]. |
| 250 ## - EDITION STATEMENT |
| Edition statement |
8th ed. |
| 260 ## - PUBLICATION, DISTRIBUTION, ETC. |
| Place of publication, distribution, etc. |
Philadelphia, PA : |
| Name of publisher, distributor, etc. |
Saunders/Elsevier, |
| Date of publication, distribution, etc. |
c2007. |
| 300 ## - PHYSICAL DESCRIPTION |
| Extent |
xiv, 946 p. : |
| Other physical details |
ill. (chiefly col.) ; |
| Dimensions |
29 cm. |
| 504 ## - BIBLIOGRAPHY, ETC. NOTE |
| Bibliography, etc. note |
Includes bibliographical references and index. |
| 505 0# - FORMATTED CONTENTS NOTE |
| Formatted contents note |
Cell injury, cell death, and adaptations -- Acute and chronic inflammation -- Tissue repair : regeneration, healing, and fibrosis -- Hemodynamic disorders, thrombosis, and shock -- Diseases of the immune system -- Neoplasia / Thomas P. Stricker, Vinay Kumar -- Environmental and nutritional diseases -- General pathology of infectious diseases -- The blood vessels -- The heart / Frederick J. Schoen, Richard N. Mitchell -- The hematopoietic and lymphoid systems / Jon C. Aster -- The lung / Anirban Maitra, Vinay Kumar -- The kidney and its collecting system / Charles E. Alpers , Agnes B. Fogo -- The oral cavity and gastrointestinal tract -- The liver, gallbladder, and biliary tract -- The pancreas -- The male genital system -- The female genital system / Anthony Montag, Vinay Kumar -- The endocrine system / Anirban Maitra -- The musculoskeletal system -- The skin / Alexander J.F. Lazar -- The nervous system / Matthew P. Frosch. |
| 650 #0 - SUBJECT ADDED ENTRY--TOPICAL TERM |
| Topical term or geographic name entry element |
Pathology. |
| 9 (RLIN) |
1279 |
| 650 12 - SUBJECT ADDED ENTRY--TOPICAL TERM |
| Topical term or geographic name entry element |
Pathology. |
| 9 (RLIN) |
1280 |
| 700 1# - ADDED ENTRY--PERSONAL NAME |
| Personal name |
Kumar, Vinay, |
| Dates associated with a name |
1944- |
| 9 (RLIN) |
1281 |
| 700 1# - ADDED ENTRY--PERSONAL NAME |
| Personal name |
Robbins, Stanley L. |
| Fuller form of name |
(Stanley Leonard), |
| Dates associated with a name |
1915-2003. |
| 9 (RLIN) |
1282 |
| 906 ## - LOCAL DATA ELEMENT F, LDF (RLIN) |
| a |
7 |
| b |
cbc |
| c |
orignew |
| d |
1 |
| e |
ocip |
| f |
20 |
| g |
y-gencatlg |
| 942 ## - ADDED ENTRY ELEMENTS (KOHA) |
| Source of classification or shelving scheme |
|
| Koha item type |
Book |